| 000 | 00529nam a2200205 a 4500 | ||
|---|---|---|---|
| 001 | 3367 | ||
| 005 | 20140414131920.0 | ||
| 008 | 040117s19uu xx 00 eng d | ||
| 020 | _a0-7214-1565-2 | ||
| 050 |
_aER _bSl9 1993 |
||
| 050 |
_aE _bSl94 1993 |
||
| 245 |
_aShy fox and the red hen / _cillustrated by Brian Thomas. |
||
| 260 |
_aItaly : _bLadybird, _c1993. |
||
| 300 | _a1 v. p. ; cm. | ||
| 440 | _aFavourite tales | ||
| 650 |
_aHens _xFiction. |
||
| 650 | _aChildren stories. | ||
| 999 |
_c111690 _d111690 |
||